Joey Valence & Brae 'NO HANDS Deluxe' tracklist - Statistics

General Stats
  • This quiz has been taken 8 times
  • The average score is 9 of 17
Answer Stats
FEATURE TITLE % Correct
Z-Trip NO HANDS
100%
OMNITRIX
83%
THE BADDEST
83%
Terror Reid DOUGHBOY
67%
BUSSIT
50%
INTERMISSION 2
50%
JOHN CENA
50%
LIKE A PUNK
50%
OK
50%
Danny Brown PACKAPUNCH
50%
PINEAPPLE FRIED RICE
50%
Ayesha Erotica THE BADDEST (BADDER)
50%
365
33%
FREAKS
33%
WHAT U NEED
33%
WHERE U FROM
33%
CAN'T STOP NOW
17%
No matching quizzes found
Score Distribution
Percent of People with Each Score
Percentile by Number Answered
Your Score History
You have not taken this quiz